| 000 | 00779nam a22002897a 4500 | ||
|---|---|---|---|
| 003 | CHAP | ||
| 005 | 20220329133320.0 | ||
| 008 | 971013s1990 r 00010 d | ||
| 010 | _a4786 | ||
| 011 | _a5758 | ||
| 035 | _a4973 | ||
| 040 | _cCHAP | ||
| 090 | _aFolleto 12868 | ||
| 100 | 0 | 0 |
_aWarmer Campaing. Tunbridge, Kent. _9121082 |
| 245 | _aCompost | ||
| 260 |
_aTunbridge Wells, Kent : _bThe Campaign, _c1990 |
||
| 300 |
_a4 p. _b: ilus |
||
| 490 | _aWarner factsheet | ||
| 500 | _a54-168 | ||
| 590 |
_aBATCH-UPD _b10 _c20130110 _lUCH01 _h1442 |
||
| 590 |
_aCONVERSION _b10 _c20130109 _lUCH01 _h1304 |
||
| 650 | 1 | 4 |
_aCompost. _926105 |
| 830 | 0 |
_aWarner factsheet _9121087 |
|
| 901 | _aBK | ||
| 942 | _cFOLL | ||
| 949 |
_aFolleto 12868 _bBC _cFOLL _d-14539 _eTS1 _i4973 _mD _si |
||
| 999 |
_c4786 _d4786 |
||